000 00957nam0a22002531 4500
001 rc\962327
005 20250622060431.0
035 _a(NLR Aleph) 006131939
090 _a5570841
_c5570841
100 _a20041129d1982 |||y0rusy50 ca
101 0 _arus
102 _aRU
105 _ay |||||||||
200 1 _aПреступность и уровень жизни
_eИсслед. данных о лицах 1892-1953 гг. рождения, внес. в картотеку уголов. регистрации
_eПер. со швед.
_fПод общ. ред. В.П. Шупилова
210 _aМ.
_cПрогресс
_d1982
215 _a252 с.
_d21
300 _aПеревод изд.: Brottslighet och levnadsniva / Henrik Tham (Stockholm, 1979)
320 _aБиблиогр.: с. 243-248
700 1 _aТам
_bХ.
_gХенрик
801 0 _aRU
_bNLR
_gpsbo
801 1 _aRU
_bELAR
_2rusmarc
852 _aNLR
_j83-3/2854
942 _cBOOK
980 _aNB